Pop! : (Record no. 3370)

MARC details
000 -LEADER
fixed length control field 01024nam a22003137a 4500
001 - CONTROL NUMBER
control field 3370
003 - CONTROL NUMBER IDENTIFIER
control field FISKH
005 - DATE AND TIME OF LATEST TRANSACTION
control field 20240229140309.0
008 - FIXED-LENGTH DATA ELEMENTS--GENERAL INFORMATION
fixed length control field 240229b cb ||||| |||| 00| 0 eng d
020 ## - INTERNATIONAL STANDARD BOOK NUMBER
International Standard Book Number 0439454662
040 ## - CATALOGING SOURCE
Original cataloging agency FISKH
Language of cataloging eng
Transcribing agency FISKH
Modifying agency FISKH
050 ## - LIBRARY OF CONGRESS CALL NUMBER
Classification number QC183.B795
082 ## - DEWEY DECIMAL CLASSIFICATION NUMBER
Classification number 530.4
100 ## - MAIN ENTRY--PERSONAL NAME
Personal name Bradley, Kimberly Brubaker
245 ## - TITLE STATEMENT
Title Pop! :
Remainder of title A book about bubbles /
Statement of responsibility, etc. by Kimberly Brubaker Bradley ; photographs by Margaret Miller
250 ## - EDITION STATEMENT
Edition statement First Scholastic printing , May 2003
260 ## - PUBLICATION, DISTRIBUTION, ETC.
Place of publication, distribution, etc. New York :
Name of publisher, distributor, etc. Scholastic ,
Date of publication, distribution, etc. 2001
300 ## - PHYSICAL DESCRIPTION
Extent 33 pages :
Other physical details color illustrations ;
Dimensions 21 cm .
490 ## - SERIES STATEMENT
Series statement Let's read and find out science
505 ## - FORMATTED CONTENTS NOTE
Formatted contents note N <br/>
520 ## - SUMMARY, ETC.
Summary, etc. Simple text explains how soap bubbles are made, why they are always round, and why they pop.
521 8# - TARGET AUDIENCE NOTE
Target audience note 540 <br/>
Source Lexile
521 8# - TARGET AUDIENCE NOTE
Target audience note N <br/>
Source Raz-Plus <br/>
600 ## - SUBJECT ADDED ENTRY--PERSONAL NAME
Source of heading or term science
Form subdivision Non-fiction
650 ## - SUBJECT ADDED ENTRY--TOPICAL TERM
Topical term or geographic name entry element bubbles
Form subdivision Non-fiction
700 ## - ADDED ENTRY--PERSONAL NAME
Personal name Miller, Margaret
Relator term photographer
942 ## - ADDED ENTRY ELEMENTS (KOHA)
Source of classification or shelving scheme Dewey Decimal Classification
Koha item type Books
Suppress in OPAC No
Holdings
Withdrawn status Lost status Source of classification or shelving scheme Damaged status Not for loan Collection Home library Current library Shelving location Date acquired Total Checkouts Full call number Barcode Date last seen Copy number Price effective from Koha item type
    Dewey Decimal Classification     Non-Fiction Footprints International School Library Network Toul Kork Campus Footprints International School Library Network Toul Kork Campus   02/29/2024   BRA 530.4 QC183.B795 FISBK02013 04/10/2025 1 02/29/2024 Books
    Dewey Decimal Classification     Non-Fiction Footprints International School Library Network Toul Kork Campus Footprints International School Library Network Toul Kork Campus   02/29/2024   BRA 530.4 QC183.B795 FISBK06032 04/24/2025 2 02/29/2024 Books